Rappers by Picture | 6 | - Statistics

General Stats
  • This quiz has been taken 198 times
  • The average score is 6 of 16
Answer Stats
Picture Answer % Correct
Ice Spice
97%
YNW Melly
77%
Lil Mosey
74%
Logic
61%
Wiz Khalifa
59%
USHER
50%
A Boogie Wit da Hoodie
45%
DDG
38%
iann dior
24%
Soulja Boy
23%
Sheck Wes
20%
A$AP Ferg
12%
Pooh Shiesty
11%
Summrs
8%
Flo Milli
5%
Ramz
4%
No matching quizzes found
Score Distribution
Percent of People with Each Score
Percentile by Number Answered
Your Score History
You have not taken this quiz